Sports Quiz

Random Sports or Soccer Quiz

Most Times Started On Bench- excluding goalkeepers Quiz Stats

 Plays Quiz not verified by Sporcle

Score 0/15 Timer 10:00
0 Plays Today
Hint % Correct
Manchester United EvertonPhil Neville
91.1%
Arsenal West Brom PortsmouthNwankwo Kanu
86.7%
Liverpool Charlton Tottenham FulhamDanny Murphy
77.8%
Manchester UnitedRyan Giggs
75.6%
Manchester UnitedPaul Scholes
73.3%
West Ham United Chelsea LiverpoolJoe Cole
73.3%
Manchester UnitedOle-Gunner Solskjaer
66.7%
Aston Villa Manchester United Blackburn Birmingham SunderlandDwight Yorke
62.2%
Hint % Correct
Manchester United John O'Shea
60%
Manchester City Chelsea QPRShaun Wright-Phillips
55.6%
West Ham Tottenham PortsmouthJermain Defoe
53.3%
Blackburn Southampton Everton Stoke BlackpoolJames Beattie
53.3%
NewcastleShola Ameobi
44.4%
Aston Villa West Brom SwanseaLuke Moore
35.6%
Arsenal Southampton Fulham West HamLuis Boa Morte
31.1%

You're not logged in!

Compare scores with friends on all Sporcle quizzes.
OR
Log In

Show Comments

Extras

Top Quizzes Today


Score Distribution

Your Account Isn't Verified!

In order to create a playlist on Sporcle, you need to verify the email address you used during registration. Go to your Sporcle Settings to finish the process.

Report this User

Report this user for behavior that violates our Community Guidelines.

Details: